Widok standardowy
Widok MARC
Pozycja Personal Name
Liczba rekordów, w których użyto hasła: 1
001 - Numer kontrolny
- control field: 40139
003 - Identyfikator numeru kontrolnego
- control field: NUKAT
005 - Data i czas ostatniej modyfikacji
- control field: 20260416105845.0
008 - Dane kontrolne kodowane (40 znaków)
- fixed length control field: 080303n||a|znnaabn |a aaa |c
010 ## - Numer kontrolny Biblioteki Kongresu
- numer kontrolny LC: n 2008042942
040 ## - Instytucja sporządzająca rekord
- inst. przygot. dane do rek. khw: KR U/56MG
- język haseł przedmiotowych/tezaurus: kaba
- inst. wprow. rek. khw: KR U/56MG
100 1# - Hasło - nazwa osobowa
- nazwa osobowa w formie ujednoliconej: Sikora, Mirosław
- daty biograficzne: (1981- ).
670 ## - Źródło informacji
- źródło informacji: Od autora.
670 ## - Źródło informacji
- źródło informacji: Kp. Kuźnia broni III Rzeszy / Mirosław Sikora. - Katowice ; Kraków, 2007.